Hacia una mayor permanencia en el sistema escolar de los niños en riesgo de bajo rendimiento y de deserción /

Este artículo analiza algunos factores escolares y familiares que aumentan el riesgo estudiantil de bajo rendimiento y de fracaso en la escuela. Plantea que es imprescindible -especialmente para aquellos alumnos provenientes de familias de bajo nivel socioconómico y cultural- la incorporación de los...

Descripción completa

Detalles Bibliográficos
Autor principal: Jadue, Gladys
Formato: Libro
Lenguaje:inglés
Materias:
Acceso en línea:Acceso electrónico al documento

MARC

LEADER 00000cam a2200000 a 4500
001 031676
003 UAHC_CL
005 20170803123405.0
008 051115b xx j 000 1 eng
040 |a UAHC_CL  |c UAHC_CL  |d UAHC_CL 
100 1 |a Jadue, Gladys 
245 1 0 |a Hacia una mayor permanencia en el sistema escolar de los niños en riesgo de bajo rendimiento y de deserción /  |c Gladys Jadue. 
500 |a En: Estud. pedagóg., 1999, no.25, p.83-90. ISSN 0718-0705. 
520 |a Este artículo analiza algunos factores escolares y familiares que aumentan el riesgo estudiantil de bajo rendimiento y de fracaso en la escuela. Plantea que es imprescindible -especialmente para aquellos alumnos provenientes de familias de bajo nivel socioconómico y cultural- la incorporación de los padres en la adquisición de aprendizajes de sus hijos. Asimismo, expone que, mediante el desarrollo de los objetivos transversales, es posible crear en la escuela factores protectores para un adecuado desarrollo del alumno, lo que favorece el rendimiento escolar. Ambas acciones efectuadas en forma simultánea pueden favorecer el éxito académico de los alumnos. 
650 4 |a DESERCION ESCOLAR 
650 4 |a RENDIMIENTO ESCOLAR 
856 |u http://www.scielo.cl/scielo.php?script=sci_arttext&pid=S0718-07051999000100005&lng=es&nrm=iso&tlng=es  |3 Acceso electrónico al documento  |y Acceso electrónico al documento 
900 |a ESTUD. PEDAGîG.-25/99 
942 |c BK 
999 |c 31676  |d 31676